Michael Jackson’s TOP 20 songs - Statistiques

Statistiques générales
  • Ce quiz a été pris 350 fois
    103 depuis la dernière actualisation
  • Le résultat moyen est 13 sur 20
Statistiques - réponses
Nb Songs Streams % Correct
2 Beat It 1,717,584,535
100%
1 Billie Jean 2,670,793,267
97%
5 Thriller 877,043,213
96%
3 Smooth Criminal 1,083,652,705
90%
13 Bad 502,459,496
86%
16 Dirty Diana 422,552,012
81%
11 They Don’t Care About Us 597,344,331
73%
14 Black or White 491,372,092
71%
17 Human Nature 323,929,476
71%
4 Rock With You 877,458,469
63%
8 Chicago 623,212,750
55%
10 P.Y.T 608,859,868
55%
18 Heal the World 305,311,456
52%
20 You Rock My World 258,718,555
49%
6 Don’t Stop ‘Til You Get Enough 738,804,913
47%
9 Man in the Mirror 618,987,998
47%
7 The Way You Make Me Feel 730,194,363
47%
12 Remember the Time 539,609,542
40%
19 Wanna Be Startin’ Somethin’ 277,709,392
40%
15 Love Never Felt So Good 461,217,804
12%
Aucun quiz correspondant
Distribution des résultats
% des personnes avec chaque résultat
Percentile par nombre de réponses
Votre historique - résultats
Vous n’avez pas pris ce quiz depuis la dernière actualisation